Reflections on philosophy : introductory essays (Record no. 34332)

MARC details
000 -LEADER
fixed length control field 00447nam a2200181Ia 4500
020 ## - INTERNATIONAL STANDARD BOOK NUMBER
ISBN 0- 312- 06777- 1
050 ## - CALL MARK
Classification number BD 21 .R44/
100 ## - STATEMENT OF RESPONSIBILITY--MAIN AUTHOR NAME
Personal name McHenry , Leemon
245 #0 - TITLE STATEMENT
Title Reflections on philosophy : introductory essays
260 ## - PUBLICATION, DISTRIBUTION, ETC. (IMPRINT)
Place of publication New York
260 ## - PUBLICATION, DISTRIBUTION, ETC. (IMPRINT)
Name of publisher St. Martin’s Press
260 ## - PUBLICATION, DISTRIBUTION, ETC. (IMPRINT)
Year of publication 1993
300 ## - PHYSICAL DESCRIPTION
Number of Pages 227 p
650 ## - SUBJECT ADDED ENTRY--TOPICAL TERM
Topical Term Philosophy
942 ## - ADDED ENTRY ELEMENTS (KOHA)
Koha item type Books
Holdings
Withdrawn status Lost status Source of classification or shelving scheme Damaged status Not for loan Permanent Location Current Location Date acquired Accession Number Price effective from Koha item type
    Library of Congress Classification     NILE UNIVERSITY OF NIGERIA - MAIN LIBRARY NILE UNIVERSITY OF NIGERIA - MAIN LIBRARY 04/23/2025 0001522 04/23/2025 Books